Spain National Team All-Time XI - Statistics

General Stats
  • This quiz has been taken 285 times
  • The average score is 9 of 13
Answer Stats
Position Period Player % Correct
GK 2000-16 Iker Casillas
99%
MF 2006-18 Andrés Iniesta
97%
MF 2000-14 Xavi
96%
DF 2000-13 Carles Puyol
92%
DF 2005-21 Sergio Ramos
92%
FW 1996-2006 Raúl
80%
12th player 2005-17 David Villa
79%
DF 1989-2002 Fernando Hierro
73%
Coach 2008-16 Vicente Del Bosque
67%
MF 1957-72 Luis Suárez
40%
FW 1955-69 Paco Gento
36%
MF 1966-78 Pirri
9%
DF 1975-88 José Antonio Camacho
8%
No matching quizzes found
Score Distribution
Percent of People with Each Score
Percentile by Number Answered
Your Score History
You have not taken this quiz